|
|
|
|
| LEADER |
000000am a2200000 a 4500 |
| 001 |
19553 |
| 005 |
20230308175540.0 |
| 008 |
984051|1972 ||||||||r|||||||||||spa|| |
| 040 |
|
|
|b spa
|
| 041 |
0 |
|
|a Es
|
| 082 |
0 |
|
|a 900
|b Ben
|
| 100 |
1 |
|
|a Benzi, Marino.
|9 83972
|
| 245 |
1 |
1 |
|a Les Derniers adorateurs du Peyotl: croyances, coutumes et mythes des indiens huichol
|c Marino Benzi
|h imp
|
| 264 |
|
|
|a París
|b Gallimard
|c 1972
|
| 300 |
|
|
|a 446 páginas:
|
| 504 |
|
|
|a incl. ref.
|
| 650 |
1 |
|
|a History
|9 83973
|
| 650 |
1 |
|
|a Mescalina
|9 81748
|
| 852 |
|
|
|a UC-SALUD
|f donación
|k mariana.feican
|l 1
|m General
|p 19840514
|q S/. 70
|t 19553
|b 0
|d CDRS
|e CDRS
|g 900 Ben
|z 1984-40-51
|
| 942 |
|
|
|c BK
|
| 999 |
|
|
|c 50255
|d 50255
|